000 00494nam a2200181Ia 4500
999 _c30111
_d30111
003 OSt
005 20210101124001.0
008 190216s9999||||xx |||||||||||||| ||und||
020 _a9788182715295
040 _coclc
082 _a300
_bSEN/V
100 _aSen, Prajesh
_98081
245 0 _aVadakathottil /
_cPrajesh Sen
260 _bPratheeksha Publications,
_c2009.
_aCalicut:
300 _a105p
650 _aMalayalam
942 _cBK
_2ddc
_h300
_iSEN/V
_k300
_mSEN/V